CALCULUS OF VARIATIONS WITH APPLICATIONS (Record no. 217001)

MARC details
000 -LEADER
fixed length control field 00665nam a22001817a 4500
008 - FIXED-LENGTH DATA ELEMENTS--GENERAL INFORMATION
fixed length control field 260420b |||||||| |||| 00| 0 eng d
020 ## - INTERNATIONAL STANDARD BOOK NUMBER
International Standard Book Number 978-81-203-1120-6
050 ## - LIBRARY OF CONGRESS CALL NUMBER
Classification number QA 315 .G 87 2024
100 ## - MAIN ENTRY--PERSONAL NAME
Personal name GUPTA, A. S
245 ## - TITLE STATEMENT
Title CALCULUS OF VARIATIONS WITH APPLICATIONS
250 ## - EDITION STATEMENT
Edition statement EASTERN ECONOMY,
260 ## - PUBLICATION, DISTRIBUTION, ETC.
Place of publication, distribution, etc. DELHI,
Name of publisher, distributor, etc. PHI LEARNING PRIVATE LIMITED,
Date of publication, distribution, etc. 2024,
300 ## - PHYSICAL DESCRIPTION
Extent X, 241 P, ILL
500 ## - GENERAL NOTE
General note INCLUDES BIBLIOGRAPHICAL REFERENCES AND INDEX
650 ## - SUBJECT ADDED ENTRY
Topical term or geographic name entry element 1. Calculus of variations-Textbooks 2. Optimization-Mathematics-Textbooks 3. Mathematical physics-Textbooks 4. Applied mathematics-Textbooks
942 ## - ADDED ENTRY ELEMENTS (KOHA)
Source of classification or shelving scheme Library of Congress Classification
Koha item type Long Loan Book
Holdings
Withdrawn status Lost status Source of classification or shelving scheme Damaged status Not for loan Collection Home library Current library Shelving location Date acquired Inventory number Total checkouts Full call number Barcode Date last seen Copy number Price effective from Koha item type
    Library of Congress Classification     Science & Technology Kisii University Library Kisii University Library On Display 04/20/2026 112931   QA 315 .G 87 2024 A001786 04/20/2026 1 04/20/2026 Long Loan Book
    Library of Congress Classification     Science & Technology Kisii University Library Kisii University Library On Display 04/20/2026 112932   QA 315 .G 87 2024 A001770 04/20/2026 2 04/20/2026 Long Loan Book